000 00731nam a2200241Ia 4500
003 OSt
005 20221006143658.0
006 a|||||r|||| 00| 0
007 ta
008 221006b |||||||| |||| 00| 0 eng d
024 _a9,633
037 _bGift, Japan Foundation
_cTextual
040 _aEASL
_cEASL
_beng
041 _2eng
_aeng
082 _aX.42, P1
100 _aBLOMSTROM Magnus etc. Ed.
_9650226
245 0 _aJapan's new economy
_b Continuity and change in the twenty-first century
260 _aNew York
_bOxford University Press
_c2002
300 _a329p.
_ccm.
490 _v JEL
942 _hX.42, P1
_cTEXL
_2CC
999 _c1077719
_d1077719